[Event "June TNT"]
[Site "Winnipeg CAN"]
[Date "2002.06.25"]
[Round "4.9"]
[White "Gibbons, Lorne"]
[Black "Still, Graham"]
[Result "1-0"]
[WhiteElo "1233"]
[BlackElo "911"]
[PlyCount "67"]
[EventDate "2002.06.04"]
[EventType "swiss"]
[EventRounds "4"]
[EventCountry "CAN"]

1. d4 d5 2. c4 e6 3. Nc3 Nf6 4. Bf4 Nbd7 5. Nf3 c5 6. Nb5 Rb8 7. Bc7 Qe7 8.
Nd6+ Qxd6 9. Bxd6 Bxd6 10. cxd5 Nxd5 11. e4 Nb4 12. e5 Be7 13. Bc4 b5 14. Bb3
c4 15. Bc2 Nxc2+ 16. Qxc2 Bb7 17. Qe2 Bb4+ 18. Kf1 Ba6 19. Rc1 O-O 20. Qe3 Rbc8
21. g3 Ba5 22. Qa3 Bb7 23. Kg2 Bb6 24. Rhd1 f6 25. Rc3 fxe5 26. Kg1 a5 27. Qd6
exd4 28. Qxe6+ Kh8 29. Nxd4 Rcd8 30. Rc2 Ba7 31. Nxb5 Bxf2+ 32. Rxf2 Nc5 33.
Rxf8+ Rxf8 34. Qe7 1-0

[Event "June TNT"]
[Site "Winnipeg CAN"]
[Date "2002.06.25"]
[Round "4.10"]
[White "Anderson, George"]
[Black "Crane, Meaghan"]
[Result "1-0"]
[WhiteElo "1542"]
[BlackElo "768"]
[PlyCount "33"]
[EventDate "2002.06.04"]
[EventType "swiss"]
[EventRounds "4"]
[EventCountry "CAN"]

1. f4 d5 2. g3 Nc6 3. Bg2 Nf6 4. d3 Bg4 5. Nf3 e6 6. O-O Bc5+ 7. Kh1 Qd6 8. c3
d4 9. c4 O-O-O 10. a3 Ne7 11. b4 Bb6 12. c5 Bxc5 13. bxc5 Qxc5 14. Ne5 Rd5 15.
Nxf7 Rf8 16. Ne5 Ng6 17. Nxg6 1-0

[Event "June op"]
[Site "Calgary CAN"]
[Date "2002.05.28"]
[Round "1"]
[White "Miller, Mitch"]
[Black "Pivovarov, Juraj"]
[Result "1-0"]
[WhiteElo "1474"]
[BlackElo "1823"]
[PlyCount "57"]
[EventDate "2002.05.28"]
[EventType "swiss"]
[EventRounds "5"]
[EventCountry "CAN"]

1. e4 e5 2. Nf3 Nc6 3. d4 exd4 4. Nxd4 Bc5 5. Nb3 Bb6 6. a4 Qf6 7. Qe2 a6 8.
Nc3 Nge7 9. Nd5 Nxd5 10. exd5+ Ne7 11. Be3 d6 12. Bxb6 cxb6 13. c4 O-O 14. Rd1
Bd7 15. Nd2 Rfe8 16. Ne4 Qe5 17. g3 Bxa4 18. Rd2 Nf5 19. Bg2 Nd4 20. f4 Nxe2
21. fxe5 Nc1 22. O-O Nb3 23. Rdf2 Re7 24. Nxd6 Rf8 25. e6 f6 26. Nf5 Rc7 27. d6
Rxc4 28. Bd5 Rfc8 29. d7 1-0

[Event "June op"]
[Site "Calgary CAN"]
[Date "2002.06.04"]
[Round "2"]
[White "Adolph, Joel"]
[Black "Nguyen, Kim"]
[Result "1/2-1/2"]
[WhiteElo "1761"]
[BlackElo "1989"]
[PlyCount "105"]
[EventDate "2002.05.28"]
[EventType "swiss"]
[EventRounds "5"]
[EventCountry "CAN"]

1. e4 c5 2. Nc3 d6 3. f4 g6 4. Bb5+ Bd7 5. Bxd7+ Qxd7 6. Nf3 Bg7 7. d3 Nc6 8.
O-O Nf6 9. Ne2 O-O 10. c3 Rac8 11. Ng3 b5 12. Qc2 Ne8 13. Be3 Nc7 14. Rac1 b4
15. d4 bxc3 16. bxc3 cxd4 17. cxd4 Na8 18. Qd2 d5 19. Ne5 Qd6 20. exd5 Qxd5 21.
Rc5 Qd6 22. Ne4 Qd8 23. Rxc6 Rb8 24. Rfc1 Nb6 25. Nc5 Qd5 26. Ncd3 f6 27. R1c5
Qd8 28. Nc4 Nd5 29. Qa5 Nxe3 30. Nxe3 Qxd4 31. Qd2 Rb1+ 32. Kf2 Rd8 33. Rc3
Qxf4+ 34. Nxf4 Rxd2+ 35. Kf3 Rxa2 36. Ne6 Bh6 37. Nd5 Rf1+ 38. Kg3 Rff2 39.
Rc8+ Kf7 40. Nd8+ Ke8 41. Nb7+ Kf7 42. Nd8+ Ke8 43. Nb7+ Kd7 44. Rd8+ Ke6 45.
Nc7+ Kf7 46. Nd6+ exd6 47. Rd7+ Kf8 48. Ne6+ Ke8 49. Rcc7 Rxg2+ 50. Kh3 Rxh2+
51. Kg3 Rag2+ 52. Kf3 Rf2+ 53. Kg3 1/2-1/2

[Event "Kent Oliver mem"]
[Site "Winnipeg CAN"]
[Date "2002.01.11"]
[Round "1.1"]
[White "Remillard, John"]
[Black "Gentes, Kevin"]
[Result "0-1"]
[WhiteElo "1599"]
[BlackElo "2370"]
[PlyCount "42"]
[EventDate "2002.01.11"]
[EventType "swiss"]
[EventRounds "5"]
[EventCountry "CAN"]

1. e4 c5 2. Nf3 e6 3. d4 cxd4 4. Nxd4 a6 5. Bc4 Nf6 6. e5 Qa5+ 7. Nc3 Qxe5+ 8.
Be3 b5 9. Bd3 Bb7 10. Nf3 Qh5 11. Qe2 Bb4 12. Bd4 Nc6 13. Bxf6 gxf6 14. Nd4 Qc5
15. Nb3 Bxc3+ 16. Kd1 Qe5 17. bxc3 Qxc3 18. Rc1 Ne5 19. f3 Rg8 20. Be4 Nc4 21.
Re1 Nb2# 0-1

[Event "Kent Oliver mem"]
[Site "Winnipeg CAN"]
[Date "2002.01.11"]
[Round "1.2"]
[White "Kaptsan, Aron"]
[Black "Tetrault, Charles"]
[Result "1-0"]
[WhiteElo "2105"]
[BlackElo "1592"]
[PlyCount "85"]
[EventDate "2002.01.11"]
[EventType "swiss"]
[EventRounds "5"]
[EventCountry "CAN"]

1. d4 Nf6 2. c4 e6 3. Nc3 c5 4. d5 exd5 5. cxd5 d6 6. g3 g6 7. Bg2 Bg7 8. Nf3
O-O 9. O-O a6 10. a4 Bg4 11. h3 Bxf3 12. Bxf3 Nbd7 13. Bg2 Rb8 14. Bf4 Qc7 15.
e4 Rfe8 16. Re1 Nh5 17. Bc1 Be5 18. Bf1 c4 19. a5 Rbc8 20. Kg2 b6 21. axb6 Qxb6
22. Ra4 Bd4 23. Qc2 Ne5 24. Be3 Nd3 25. Bxd3 cxd3 26. Bxd4 Qxd4 27. Rxd4 dxc2
28. Rc1 Nf6 29. f3 Nd7 30. Rxc2 Ne5 31. Ra4 Nc4 32. Nd1 Nb6 33. Rxc8 Rxc8 34.
Rxa6 Rc2+ 35. Kf1 Nc4 36. Rc6 Nd2+ 37. Ke2 Nc4+ 38. Kd3 Rc1 39. Rxc4 Rxd1+ 40.
Ke2 Rb1 41. Rb4 Kf8 42. f4 Ke7 43. e5 1-0

[Event "Kent Oliver mem"]
[Site "Winnipeg CAN"]
[Date "2002.01.11"]
[Round "1.3"]
[White "Gannon, Keith"]
[Black "Nikouline, Alexandre"]
[Result "0-1"]
[WhiteElo "1553"]
[BlackElo "2104"]
[PlyCount "78"]
[EventDate "2002.01.11"]
[EventType "swiss"]
[EventRounds "5"]
[EventCountry "CAN"]

1. e4 e5 2. Bc4 Nf6 3. d3 Bc5 4. Nf3 d6 5. O-O Be6 6. Nbd2 Nc6 7. c3 a6 8. a3
Qe7 9. b4 Ba7 10. Re1 O-O 11. Bb2 Nh5 12. d4 Bxc4 13. Nxc4 b5 14. Ncd2 Nf4 15.
Nf1 f6 16. a4 Qf7 17. axb5 axb5 18. Ne3 exd4 19. Nxd4 Bxd4 20. cxd4 Nxb4 21.
Qd2 Nfd3 22. Reb1 Ra2 23. d5 Rfa8 24. Rxa2 Rxa2 25. Nd1 c5 26. dxc6 Qc4 27. Qc3
Nxc6 28. Qxc4+ bxc4 29. f3 Nxb2 30. Nxb2 c3 31. Nd3 Rd2 32. Ne1 c2 33. Rc1 Nd4
34. Ra1 Rd1 35. Ra8+ Kf7 36. Ra7+ Kg6 37. Rc7 Rxe1+ 38. Kf2 c1=Q 39. Rxc1 Rxc1
0-1

[Event "Kent Oliver mem"]
[Site "Winnipeg CAN"]
[Date "2002.01.11"]
[Round "1.5"]
[White "Rutter, Blair"]
[Black "Harding, Mike"]
[Result "0-1"]
[WhiteElo "1506"]
[BlackElo "1845"]
[PlyCount "75"]
[EventDate "2002.01.11"]
[EventType "swiss"]
[EventRounds "5"]
[EventCountry "CAN"]

1. d4 Nf6 2. c4 g6 3. Nc3 Bg7 4. e3 O-O 5. Nf3 d6 6. Be2 Nbd7 7. O-O b6 8. Rb1
Bb7 9. Qc2 e5 10. d5 Bc8 11. b4 Ne8 12. e4 f5 13. Bg5 Ndf6 14. exf5 gxf5 15.
Bd3 Qd7 16. Be2 h6 17. Bd2 Qf7 18. Nh4 Nh7 19. Rb3 e4 20. Bf4 Qf6 21. g3 Ng5
22. Kg2 Bd7 23. a4 Qf7 24. b5 Nf6 25. f3 Rae8 26. Bc1 f4 27. g4 Nxf3 28. Nxf3
exf3+ 29. Bxf3 Nxg4 30. Bxg4 Bxg4 31. Rxf4 Qh5 32. Ne4 Be5 33. Rxf8+ Rxf8 34.
Ng3 Bh3+ 35. Kg1 Qg4 36. Qe2 Rf1+ 37. Qxf1 Bxf1 38. Kxf1 0-1

[Event "Kent Oliver mem"]
[Site "Winnipeg CAN"]
[Date "2002.01.11"]
[Round "1.6"]
[White "Charter, Bennet"]
[Black "Ott, Richard"]
[Result "1/2-1/2"]
[WhiteElo "1827"]
[BlackElo "1407"]
[PlyCount "56"]
[EventDate "2002.01.11"]
[EventType "swiss"]
[EventRounds "5"]
[EventCountry "CAN"]

1. e4 c5 2. Nf3 d6 3. d4 cxd4 4. Nxd4 Nf6 5. Nc3 a6 6. Be2 e6 7. Be3 Nc6 8. O-O
Be7 9. Qd2 O-O 10. Rad1 Qc7 11. f4 Nxd4 12. Bxd4 e5 13. Bf2 b5 14. a3 Bb7 15.
Bf3 Rfd8 16. f5 Rac8 17. Rc1 Qb8 18. Bb6 Re8 19. Qf2 Qa8 20. Rfe1 Bd8 21. Bxd8
Rcxd8 22. Rcd1 Bc6 23. Nd5 Bxd5 24. exd5 e4 25. Be2 Nxd5 26. Qd4 Nf4 27. Qe3
Nd5 28. Qd4 Nf4 1/2-1/2

[Event "Kent Oliver mem"]
[Site "Winnipeg CAN"]
[Date "2002.01.11"]
[Round "1.7"]
[White "Anderson, Collin"]
[Black "Curtis, Rory"]
[Result "1/2-1/2"]
[WhiteElo "1477"]
[BlackElo "1793"]
[PlyCount "84"]
[EventDate "2002.01.11"]
[EventType "swiss"]
[EventRounds "5"]
[EventCountry "CAN"]

1. e4 c5 2. Nf3 Nc6 3. d4 cxd4 4. Nxd4 e5 5. Nb5 a6 6. Nd6+ Bxd6 7. Qxd6 Qf6 8.
Qc7 Qg6 9. Nc3 Nf6 10. Qd6 Qg4 11. f3 Qe6 12. Qxe6+ dxe6 13. Be3 Nd4 14. O-O-O
O-O 15. Bxd4 exd4 16. Rxd4 e5 17. Rd2 Be6 18. Nd5 Rfd8 19. Bc4 Nxd5 20. Bxd5
Bxd5 21. Rxd5 Rxd5 22. exd5 Rd8 23. Rd1 b5 24. b3 Kf8 25. Kb2 Ke7 26. c4 bxc4
27. bxc4 Kd6 28. Kc3 Rb8 29. Rd2 f5 30. Rb2 Rxb2 31. Kxb2 g5 32. Kc3 h5 33. Kd3
Kc5 34. a4 a5 35. Ke3 Kd6 36. g3 g4 37. f4 e4 38. Kd4 Kd7 39. c5 Kc7 40. Ke3
Kd7 41. Kd4 Kc7 42. d6+ Kd7 1/2-1/2

[Event "Kent Oliver mem"]
[Site "Winnipeg CAN"]
[Date "2002.01.11"]
[Round "1.8"]
[White "Haapamaki, Eric"]
[Black "Trueman, Francis"]
[Result "1-0"]
[WhiteElo "1780"]
[BlackElo "1438"]
[PlyCount "47"]
[EventDate "2002.01.11"]
[EventType "swiss"]
[EventRounds "5"]
[EventCountry "CAN"]

1. e4 d6 2. d4 Nd7 3. Nc3 g6 4. Be3 Bg7 5. Qd2 e5 6. Bc4 exd4 7. Bxd4 Bxd4 8.
Qxd4 Ngf6 9. O-O-O O-O 10. f4 Nb6 11. Bb3 Bd7 12. Nf3 a5 13. a3 a4 14. Ba2 Qe7
15. Rhe1 Ne8 16. e5 c5 17. Qf2 dxe5 18. Nxe5 Qd8 19. Qxc5 Rc8 20. Qd4 Nf6 21.
Ne4 Kg7 22. Nxf6 Qc7 23. Nc4 Be6 24. Nd5+ 1-0

[Event "Kent Oliver mem"]
[Site "Winnipeg CAN"]
[Date "2002.01.11"]
[Round "1.10"]
[White "Klokow, John"]
[Black "Toews, Brian"]
[Result "1-0"]
[WhiteElo "1738"]
[BlackElo "1218"]
[PlyCount "95"]
[EventDate "2002.01.11"]
[EventType "swiss"]
[EventRounds "5"]
[EventCountry "CAN"]

1. e4 c5 2. Nf3 Nc6 3. Bb5 Nf6 4. Nc3 e6 5. O-O Be7 6. e5 Nd5 7. Nxd5 exd5 8.
c3 O-O 9. d4 d6 10. exd6 Qxd6 11. dxc5 Qxc5 12. Qd3 Bf6 13. Be3 Qd6 14. h3 Bd7
15. Rad1 Ne7 16. Bxd7 Qxd7 17. Bc5 Rfd8 18. Bd4 Qd6 19. Rd2 Bxd4 20. Nxd4 Rd7
21. Rfd1 Rad8 22. a3 a6 23. g3 g6 24. f4 Nc6 25. Kf2 Nxd4 26. Qxd4 f5 27. c4
Kf7 28. Qxd5+ Qxd5 29. Rxd5 Rxd5 30. Rxd5 Rxd5 31. cxd5 Ke7 32. Ke3 Kd6 33. Kd4
h5 34. a4 a5 35. h4 b6 36. b3 Ke7 37. Ke5 Kd7 38. d6 Kd8 39. Kf6 Kd7 40. Kxg6
Kxd6 41. Kxh5 Kc5 42. Kg5 b5 43. h5 bxa4 44. bxa4 Kb4 45. h6 Kxa4 46. h7 Kb4
47. h8=Q a4 48. Qb2+ 1-0

[Event "Kent Oliver mem"]
[Site "Winnipeg CAN"]
[Date "2002.01.11"]
[Round "1.12"]
[White "Proulx, Roy"]
[Black "Cameron, Kirk"]
[Result "1-0"]
[WhiteElo "1709"]
[BlackElo "934"]
[PlyCount "37"]
[EventDate "2002.01.11"]
[EventType "swiss"]
[EventRounds "5"]
[EventCountry "CAN"]

1. d4 d5 2. e4 dxe4 3. Nc3 Nf6 4. f3 exf3 5. Nxf3 Bg4 6. h3 Bxf3 7. Qxf3 Qxd4
8. Qxb7 Qe5+ 9. Be2 Nc6 10. Qxc6+ Nd7 11. Qxa8+ Nb8 12. Qxb8+ Kd7 13. O-O e6
14. Bf4 Qc5+ 15. Kh1 e5 16. Rad1+ Ke6 17. Qc8+ Kf6 18. Ne4+ Kg6 19. Qg4# 1-0

[Event "Kent Oliver mem"]
[Site "Winnipeg CAN"]
[Date "2002.01.12"]
[Round "2.1"]
[White "Gentes, Kevin"]
[Black "Klokow, John"]
[Result "1-0"]
[WhiteElo "2370"]
[BlackElo "1738"]
[PlyCount "25"]
[EventDate "2002.01.11"]
[EventType "swiss"]
[EventRounds "5"]
[EventCountry "CAN"]

1. d4 Nf6 2. c4 d5 3. cxd5 Qxd5 4. Nc3 Qd8 5. Nf3 Bg4 6. Ne5 Bh5 7. Qb3 Qc8 8.
e4 e6 9. Be3 Bd6 10. g4 Nxg4 11. Nxg4 Bxg4 12. Rg1 Bh5 13. Qb5+ 1-0

[Event "Kent Oliver mem"]
[Site "Winnipeg CAN"]
[Date "2002.01.12"]
[Round "2.2"]
[White "Katona, John"]
[Black "Kaptsan, Aron"]
[Result "0-1"]
[WhiteElo "1740"]
[BlackElo "2105"]
[PlyCount "91"]
[EventDate "2002.01.11"]
[EventType "swiss"]
[EventRounds "5"]
[EventCountry "CAN"]

1. e4 e5 2. Nf3 Nc6 3. d4 exd4 4. Bc4 Be7 5. O-O d6 6. c3 Ne5 7. Nxe5 dxe5 8.
Qh5 g6 9. Qxe5 Nf6 10. Bg5 O-O 11. cxd4 Re8 12. Qf4 Qxd4 13. Nd2 c6 14. Bb3 Be6
15. Bxe6 fxe6 16. b3 Rad8 17. Rfe1 Nh5 18. Qe3 Bxg5 19. Qxd4 Rxd4 20. Nf3 Bf6
21. e5 Rd5 22. exf6 Nxf6 23. Ne5 Nd7 24. Nxd7 Rxd7 25. Re5 Rd5 26. Rae1 Rxe5
27. Rxe5 Kf7 28. Kf1 Rd8 29. Ke2 Rd5 30. Re4 Kf6 31. f4 e5 32. Ra4 a6 33. Re4
exf4 34. Rxf4+ Rf5 35. Rh4 h5 36. Ke3 Re5+ 37. Kf2 Rc5 38. Ra4 Kf5 39. Kf3 g5
40. h3 h4 41. Ke2 a5 42. Kf3 b6 43. Ke3 Rc2 44. Kf3 c5 45. g4+ Kf6 46. Ra3 0-1

[Event "Kent Oliver mem"]
[Site "Winnipeg CAN"]
[Date "2002.01.12"]
[Round "2.4"]
[White "Mu, Yuchen"]
[Black "Khedkar, Jay"]
[Result "0-1"]
[WhiteElo "1735"]
[BlackElo "2054"]
[PlyCount "48"]
[EventDate "2002.01.11"]
[EventType "swiss"]
[EventRounds "5"]
[EventCountry "CAN"]

1. c4 e6 2. Nc3 d5 3. cxd5 exd5 4. d4 Nf6 5. g3 Be7 6. Bg2 O-O 7. e3 c6 8. Nf3
Re8 9. O-O Bf5 10. Nh4 Bg4 11. Qb3 Qb6 12. Qxb6 axb6 13. Nf3 b5 14. Bd2 Nbd7
15. a3 Bd6 16. Ne2 Ne4 17. Bb4 Bxb4 18. axb4 Bxf3 19. Bxf3 Nd2 20. Bg4 Nxf1 21.
Rxa8 Rxa8 22. Bxd7 Nd2 23. Nc3 Nc4 24. b3 Nd2 0-1

[Event "Kent Oliver mem"]
[Site "Winnipeg CAN"]
[Date "2002.01.12"]
[Round "2.5"]
[White "Harding, Mike"]
[Black "Wasney, Mark"]
[Result "0-1"]
[WhiteElo "1845"]
[BlackElo "1611"]
[PlyCount "54"]
[EventDate "2002.01.11"]
[EventType "swiss"]
[EventRounds "5"]
[EventCountry "CAN"]

1. e4 c5 2. Nf3 d6 3. d4 cxd4 4. Nxd4 Nf6 5. Nc3 g6 6. Be3 Bg7 7. Qd2 O-O 8. f3
Nc6 9. Bc4 Bd7 10. O-O-O Rc8 11. Bb3 Ne5 12. h4 h5 13. Kb1 Nc4 14. Qe2 Nxe3 15.
Qxe3 Qb6 16. Qd3 Rc5 17. Rhe1 e6 18. Nde2 d5 19. e5 Ne8 20. Nf4 Bb5 21. Nxb5
Rxb5 22. g4 hxg4 23. fxg4 a5 24. Qd4 Qc6 25. Ba4 Nd6 26. Bxb5 Nxb5 27. Qa4 Nc3+
0-1

[Event "Kent Oliver mem"]
[Site "Winnipeg CAN"]
[Date "2002.01.12"]
[Round "2.6"]
[White "Barkman, Daniel"]
[Black "Haapamaki, Eric"]
[Result "1-0"]
[WhiteElo "1632"]
[BlackElo "1780"]
[PlyCount "43"]
[EventDate "2002.01.11"]
[EventType "swiss"]
[EventRounds "5"]
[EventCountry "CAN"]

1. e4 c5 2. Nf3 d6 3. d4 cxd4 4. Nxd4 Nf6 5. Nc3 a6 6. Be2 e5 7. Nb3 Be6 8. Bg5
Nbd7 9. O-O Be7 10. Kh1 O-O 11. f4 Qc7 12. f5 Bc4 13. Rf3 Nb6 14. Rg3 Rfd8 15.
Bh6 Bf8 16. Qd2 Kh8 17. Qg5 Ne8 18. f6 Kg8 19. Bxg7 Bxg7 20. Qh6 Kf8 21. fxg7+
Kg8 22. Qxh7+ 1-0

[Event "Kent Oliver mem"]
[Site "Winnipeg CAN"]
[Date "2002.01.12"]
[Round "2.7"]
[White "Bays, Derek"]
[Black "Charter, Bennet"]
[Result "0-1"]
[WhiteElo "1573"]
[BlackElo "1827"]
[PlyCount "58"]
[EventDate "2002.01.11"]
[EventType "swiss"]
[EventRounds "5"]
[EventCountry "CAN"]

1. c4 Nf6 2. Nc3 c5 3. Nf3 Nc6 4. e4 d6 5. Be2 g6 6. O-O Bg7 7. d4 cxd4 8. Nxd4
Nxd4 9. Qxd4 O-O 10. h3 Be6 11. Be3 Nd5 12. Qd2 Nxc3 13. bxc3 Qc7 14. Bd4 Rfc8
15. Rac1 Bxc4 16. Rfe1 Bxe2 17. Bxg7 Kxg7 18. Rxe2 Qc4 19. f3 Rc7 20. Kh1 Rac8
21. f4 b5 22. f5 b4 23. h4 bxc3 24. Qe1 c2 25. Re3 Qxa2 26. Qg3 Qb2 27. fxg6
Qxc1+ 28. Kh2 hxg6 29. h5 Rh8 0-1

[Event "Kent Oliver mem"]
[Site "Winnipeg CAN"]
[Date "2002.01.12"]
[Round "2.8"]
[White "Curtis, Rory"]
[Black "Tetrault, Claude"]
[Result "0-1"]
[WhiteElo "1793"]
[BlackElo "1495"]
[PlyCount "90"]
[EventDate "2002.01.11"]
[EventType "swiss"]
[EventRounds "5"]
[EventCountry "CAN"]

1. d4 d5 2. c4 e6 3. cxd5 Qxd5 4. Nc3 Qd8 5. Nf3 c5 6. Bg5 Nf6 7. e3 Be7 8. Qc2
cxd4 9. Nb5 Nc6 10. Nbxd4 Qa5+ 11. Ke2 Nxd4+ 12. exd4 Bd7 13. a4 Bc6 14. Ne5
Rc8 15. Qb3 O-O 16. Bd2 Qd5 17. Qxd5 Bxd5 18. Bc3 Ne4 19. Rc1 Rfd8 20. f3 Nxc3+
21. bxc3 Bb4 22. Kd2 Be7 23. Bd3 Bg5+ 24. Kc2 Bxc1 25. Rxc1 b6 26. Ba6 Rc7 27.
Rb1 Bb7 28. Bxb7 Rxb7 29. a5 h5 30. h4 Rd6 31. Nd3 Rc7 32. Rb5 Rd5 33. axb6
axb6 34. Rxd5 exd5 35. Nf4 Ra7 36. Kb2 Re7 37. Nxd5 Re2+ 38. Kb3 Rxg2 39. Nxb6
Rf2 40. d5 Rxf3 41. d6 Rf6 42. Nc4 Kf8 43. Kb4 Rf5 44. Ne3 Re5 45. Nc4 Rd5 0-1

[Event "Kent Oliver mem"]
[Site "Winnipeg CAN"]
[Date "2002.01.12"]
[Round "2.9"]
[White "Remillard, John"]
[Black "Anderson, Collin"]
[Result "0-1"]
[WhiteElo "1599"]
[BlackElo "1477"]
[PlyCount "56"]
[EventDate "2002.01.11"]
[EventType "swiss"]
[EventRounds "5"]
[EventCountry "CAN"]

1. e4 c6 2. Nf3 d5 3. exd5 cxd5 4. Bb5+ Bd7 5. Qe2 a6 6. Bxd7+ Nxd7 7. O-O Ngf6
8. Re1 e6 9. d3 Bd6 10. c4 O-O 11. b3 Qc7 12. Ba3 Bxa3 13. Nxa3 Qa5 14. Nc2 Qc3
15. Rec1 Nc5 16. Nce1 Qa5 17. Qb2 Rac8 18. d4 Nce4 19. b4 Qd8 20. c5 g5 21. Nd2
Kh8 22. a4 Qc7 23. b5 Nxf2 24. Kxf2 Ng4+ 25. Ke2 Qf4 26. Nef3 Qe3+ 27. Kd1 Nf2+
28. Kc2 Qd3# 0-1

[Event "Kent Oliver mem"]
[Site "Winnipeg CAN"]
[Date "2002.01.12"]
[Round "2.10"]
[White "Tetrault, Charles"]
[Black "Toews, Brian"]
[Result "1-0"]
[WhiteElo "1592"]
[BlackElo "1218"]
[PlyCount "53"]
[EventDate "2002.01.11"]
[EventType "swiss"]
[EventRounds "5"]
[EventCountry "CAN"]

1. e4 c5 2. Nf3 d6 3. d4 cxd4 4. Nxd4 Nf6 5. Nc3 e6 6. Be3 Be7 7. Qd2 O-O 8. f3
Nc6 9. O-O-O Qd7 10. g4 a6 11. h4 Nxd4 12. Bxd4 Rd8 13. g5 Nh5 14. Rg1 g6 15.
Be2 b5 16. f4 Ng7 17. b3 Bb7 18. h5 d5 19. hxg6 hxg6 20. Bxg7 Kxg7 21. Qd4+ f6
22. Bh5 Rg8 23. gxf6+ Bxf6 24. Rxg6+ Kh7 25. Qxf6 Rxg6 26. Bxg6+ Kg8 27. Rg1
1-0

[Event "Kent Oliver mem"]
[Site "Winnipeg CAN"]
[Date "2002.01.12"]
[Round "2.11"]
[White "Gibbons, Lorne"]
[Black "Gannon, Keith"]
[Result "0-1"]
[WhiteElo "1289"]
[BlackElo "1553"]
[PlyCount "53"]
[EventDate "2002.01.11"]
[EventType "swiss"]
[EventRounds "5"]
[EventCountry "CAN"]

1. d4 Nf6 2. c4 d6 3. Nc3 e6 4. Bf4 Be7 5. e3 O-O 6. Nf3 Nbd7 7. g3 b6 8. Bg2
Bb7 9. O-O a6 10. a4 d5 11. cxd5 exd5 12. Nd2 Re8 13. Qb3 Nf8 14. Rac1 Ne6 15.
Be5 c6 16. Bxf6 Bxf6 17. Qc2 b5 18. axb5 axb5 19. f4 Ba6 20. b4 Bc8 21. Nd1 Bd7
22. Nb2 Ra2 23. Ra1 Qa8 24. Qb1 Rxa1 25. Qxa1 Qxa1 26. Rxa1 Nxd4 27. Nd3 0-1

[Event "Kent Oliver mem"]
[Site "Winnipeg CAN"]
[Date "2002.01.12"]
[Round "3.1"]
[White "Khedkar, Jay"]
[Black "Gentes, Kevin"]
[Result "0-1"]
[WhiteElo "2064"]
[BlackElo "2370"]
[PlyCount "34"]
[EventDate "2002.01.11"]
[EventType "swiss"]
[EventRounds "5"]
[EventCountry "CAN"]

1. e4 c5 2. Nf3 e6 3. Nc3 a6 4. d4 cxd4 5. Nxd4 Qc7 6. Bd3 Nc6 7. Be3 Nf6 8.
O-O d6 9. Nb3 b5 10. f4 Be7 11. Kh1 O-O 12. Qd2 Bb7 13. h3 Nd7 14. a4 b4 15.
Ne2 Nc5 16. Ned4 Nxd4 17. Nxc5 dxc5 0-1

[Event "Kent Oliver mem"]
[Site "Winnipeg CAN"]
[Date "2002.01.12"]
[Round "3.2"]
[White "Kaptsan, Aron"]
[Black "Barkman, Daniel"]
[Result "1-0"]
[WhiteElo "2105"]
[BlackElo "1632"]
[PlyCount "49"]
[EventDate "2002.01.11"]
[EventType "swiss"]
[EventRounds "5"]
[EventCountry "CAN"]

1. d4 Nf6 2. Nf3 g6 3. g3 d5 4. Bg2 Bg7 5. O-O O-O 6. c4 e6 7. Nc3 Nbd7 8. cxd5
exd5 9. Bf4 Re8 10. Nb5 Nh5 11. Bxc7 Qe7 12. Bd6 Qxe2 13. Nc7 Qxd1 14. Raxd1
Re6 15. Nxe6 fxe6 16. Rfe1 Nb6 17. Ng5 Nc4 18. Ba3 Nxa3 19. bxa3 Bd7 20. Nxe6
Bxe6 21. Rxe6 Nf6 22. Re7 b6 23. a4 Bf8 24. Rb7 Bb4 25. Rc1 1-0

[Event "Kent Oliver mem"]
[Site "Winnipeg CAN"]
[Date "2002.01.12"]
[Round "3.3"]
[White "Wasney, Mark"]
[Black "Nikouline, Alexandre"]
[Result "1/2-1/2"]
[WhiteElo "1611"]
[BlackElo "2104"]
[PlyCount "119"]
[EventDate "2002.01.11"]
[EventType "swiss"]
[EventRounds "5"]
[EventCountry "CAN"]

1. e4 e5 2. Nf3 Nc6 3. Bb5 a6 4. Ba4 Nf6 5. O-O Be7 6. Re1 b5 7. Bb3 O-O 8. c3
d5 9. exd5 Nxd5 10. Nxe5 Nxe5 11. Rxe5 c6 12. d4 Bd6 13. Re1 Qh4 14. g3 Qh3 15.
Qf3 Bf5 16. Qg2 Qh5 17. Bxd5 cxd5 18. Qxd5 Qg6 19. Be3 Be4 20. Qg5 Qe6 21. Nd2
Bc6 22. Bf4 Qh3 23. f3 h6 24. Qg4 Qxg4 25. fxg4 Bxf4 26. gxf4 f5 27. Re6 Rac8
28. g5 hxg5 29. fxg5 Kf7 30. Rae1 Rfe8 31. Rxe8 Rxe8 32. Rxe8 Bxe8 33. Kf2 Kg6
34. h4 f4 35. Nf3 Kf5 36. Ne5 Ke4 37. g6 a5 38. h5 b4 39. h6 bxc3 40. bxc3 Bxg6
41. hxg7 Bh7 42. Nd7 Kf5 43. Nf8 Bg8 44. a3 Bd5 45. Nd7 Kg6 46. Ne5+ Kxg7 47.
c4 Be4 48. c5 Kf6 49. c6 Ke6 50. c7 Bb7 51. Nc6 Kd7 52. Nxa5 Bd5 53. c8=Q+ Kxc8
54. Nb3 Bxb3 55. Kf3 Kd7 56. Kxf4 Kd6 57. Ke4 Bc2+ 58. Ke3 Kd5 59. Kd2 Ba4 60.
Kc3 1/2-1/2

[Event "Kent Oliver mem"]
[Site "Winnipeg CAN"]
[Date "2002.01.12"]
[Round "3.5"]
[White "Anderson, Collin"]
[Black "Harding, Mike"]
[Result "0-1"]
[WhiteElo "1477"]
[BlackElo "1845"]
[PlyCount "100"]
[EventDate "2002.01.11"]
[EventType "swiss"]
[EventRounds "5"]
[EventCountry "CAN"]

1. e4 c5 2. Nf3 d6 3. d4 cxd4 4. Nxd4 Nf6 5. Nc3 a6 6. Be3 e6 7. Qd2 Qc7 8. Be2
Nbd7 9. Nb3 b5 10. a3 Bb7 11. f3 Be7 12. O-O O-O 13. Rad1 Rfd8 14. Nd4 Rac8 15.
Bd3 Ne5 16. Qe2 d5 17. exd5 Nxd3 18. Qxd3 Nxd5 19. Nxd5 Bxd5 20. Rfe1 Bd6 21.
f4 Bxf4 22. Bxf4 Qxf4 23. Nf3 h6 24. Qd2 Qxd2 25. Rxd2 Bxf3 26. Rxd8+ Rxd8 27.
gxf3 Rd2 28. Rc1 Kf8 29. h3 f5 30. b4 Kf7 31. c4 bxc4 32. Rxc4 Ra2 33. Rc3 Kf6
34. f4 g5 35. fxg5+ hxg5 36. Kf1 Rd2 37. Rc6 Rd3 38. Rxa6 Rxh3 39. b5 Rb3 40.
a4 g4 41. Ra8 f4 42. Rf8+ Ke5 43. Rg8 g3 44. a5 Ke4 45. b6 Kf3 46. Ke1 g2 47.
Kd2 Kf2 48. a6 Rxb6 49. a7 Ra6 50. a8=Q Rxa8 0-1

[Event "Kent Oliver mem"]
[Site "Winnipeg CAN"]
[Date "2002.01.12"]
[Round "3.6"]
[White "Haapamaki, Eric"]
[Black "Gannon, Keith"]
[Result "1-0"]
[WhiteElo "1780"]
[BlackElo "1553"]
[PlyCount "55"]
[EventDate "2002.01.11"]
[EventType "swiss"]
[EventRounds "5"]
[EventCountry "CAN"]

1. e4 d6 2. d4 Nf6 3. Nc3 Nc6 4. Bc4 e6 5. Be3 a6 6. Qd2 d5 7. exd5 exd5 8. Bd3
Nb4 9. O-O-O Nxd3+ 10. Qxd3 Be7 11. f3 b5 12. g4 Bb7 13. Nh3 Rc8 14. Nf4 O-O
15. g5 Ne8 16. h4 g6 17. h5 Bxg5 18. hxg6 h6 19. gxf7+ Rxf7 20. Ne6 Bxe3+ 21.
Qxe3 Qf6 22. Rxh6 Qf5 23. Rdh1 Rf6 24. Rh8+ Kf7 25. R1h7+ Qxh7 26. Rxh7+ Kg6
27. Qh6+ Kf5 28. Qh3+ 1-0

[Event "Kent Oliver mem"]
[Site "Winnipeg CAN"]
[Date "2002.01.12"]
[Round "3.7"]
[White "Rutter, Blair"]
[Black "Katona, John"]
[Result "0-1"]
[WhiteElo "1506"]
[BlackElo "1740"]
[PlyCount "96"]
[EventDate "2002.01.11"]
[EventType "swiss"]
[EventRounds "5"]
[EventCountry "CAN"]

1. d4 Nf6 2. c4 g6 3. Nc3 Bg7 4. e3 O-O 5. Nf3 e6 6. Be2 d5 7. c5 Nc6 8. Rb1
Ne8 9. b4 a6 10. O-O f5 11. a4 Rf7 12. b5 axb5 13. axb5 Na5 14. Ra1 b6 15. c6
Nd6 16. Bb2 Bh8 17. Nb1 Bf6 18. Nbd2 Rg7 19. Nb3 g5 20. g4 f4 21. Bc3 Ne4 22.
Bb4 fxe3 23. fxe3 Be7 24. Qe1 Bxb4 25. Qxb4 Qd6 26. Qxd6 cxd6 27. Nxa5 Rxa5 28.
Rfc1 Rga7 29. Rxa5 Rxa5 30. Bd3 h6 31. Kf1 Ra2 32. Rc2 Rxc2 33. Bxc2 Kf7 34.
Kg2 Nf6 35. h3 Ne4 36. h4 gxh4 37. Kh3 Ng5+ 38. Kg2 Nxf3 39. Kxf3 Kf6 40. Kg2
Kg5 41. Kh3 h5 42. Bd1 e5 43. dxe5 dxe5 44. c7 hxg4+ 45. Kg2 Kf6 46. Bb3 d4 47.
Kf2 Ke7 48. Bd5 Kd6 0-1